000 00386nam a2200181Ia 4500
001 4275
005 20260306145744.0
008 260306t2003||||xx |||||||||||||| ||spa||
041 _aESP
082 _a320.1
_bM41
100 _aMelgar Cárdenas, Juan
_eAUT
245 0 _aEl estado
260 _c2003
300 _a
_c
650 _aGEN
654 _aCDE
942 _cLIB
_dJUS
_fJUS
_2ddc
_n
999 _c4275
_d4275